20 Largest Cities in Alaska🏔 - Statistics

General Stats
  • This quiz has been taken 35 times
  • The average score is 6 of 20
Answer Stats
Population City % Correct
32,240 Juneau
97%
33,018 Fairbanks
93%
292,545 Anchorage
90%
8,518 Sitka
67%
8,150 Ketchikan
57%
9,098 Wasilla
57%
6,273 Bethel
47%
7,452 Kenai
47%
5,978 Palmer
37%
11,797 College
10%
9,941 North Lakes
10%
19,226 Badger
7%
18,282 Knik-Fairview
7%
6,421 South Lakes
7%
8,428 Kalifornsky
3%
6,305 Gateway
0%
8,367 Meadow Lakes
0%
7,399 Steele Creek
0%
6,016 Sterling
0%
10,314 Tanaina
0%
No matching quizzes found
Score Distribution
Percent of People with Each Score
Percentile by Number Answered
Your Score History
You have not taken this quiz